[Event "Elit(Vasteras-Solna)"]
[Site "?"]
[Date "2008.01.12"]
[Round "6"]
[White "Janse, Rasmus"]
[Black "Bjarnehag, Peter"]
[Result "0-1"]
[WhiteElo "2214"]
[BlackElo "2149"]
[PlyCount "38"]
[EventDate "2008.??.??"]

1. d4 c5 2. d5 Nf6 3. c4 g6 4. Nc3 Bg7 5. e4 d6 6. Bd3 O-O 7. h3 e6 8. Nf3 exd5
9. cxd5 b5 10. Bxb5 Nxe4 11. Nxe4 Qa5+ 12. Qd2 Qxb5 13. Nxd6 Qa6 14. Qf4 Nd7
15. Nc4 Nb6 16. Ne3 Bb7 17. Qd6 Rac8 18. Ng5 Rfe8 19. Bd2 Be5 0-1

[Event "Elit(Wasa-Sollentuna)"]
[Site "?"]
[Date "2008.01.12"]
[Round "6"]
[White "Agrest, Evgenij"]
[Black "Wedberg, Tom"]
[Result "1/2-1/2"]
[WhiteElo "2668"]
[BlackElo "2556"]
[PlyCount "43"]
[EventDate "2008.??.??"]

1. d4 Nf6 2. Nf3 e6 3. g3 c5 4. Bg2 Nc6 5. c4 cxd4 6. Nxd4 Qb6 7. Nb5 Ne5 8.
O-O a6 9. Be3 Qa5 10. N5a3 Bc5 11. Bxc5 Qxc5 12. Nc3 d6 13. Qd2 O-O 14. Rfd1
Rd8 15. Rac1 Rb8 16. Na4 Qc7 17. b3 Rd7 18. f4 Ng6 19. e3 b6 20. Qd4 Ne7 21.
Nb1 Qd8 22. Nb2 1/2-1/2

[Event "Elit(Wasa-Sollentuna)"]
[Site "?"]
[Date "2008.01.12"]
[Round "6"]
[White "Hellborg, Teodor"]
[Black "Ernst, Thomas"]
[Result "1/2-1/2"]
[WhiteElo "2384"]
[BlackElo "2526"]
[PlyCount "80"]
[EventDate "2008.??.??"]

1. d4 Nf6 2. c4 g6 3. Nc3 d5 4. Bg5 Ne4 5. Bh4 Nxc3 6. bxc3 c5 7. e3 Bg7 8. Nf3
Nc6 9. Be2 dxc4 10. Bxc4 cxd4 11. cxd4 O-O 12. O-O Bf5 13. Rc1 Rc8 14. Qa4 a6
15. Qa3 Rc7 16. Bb3 Bg4 17. Ng5 Bf6 18. Bg3 Bxg5 19. Bxc7 Qxc7 20. Qc5 Bf6 21.
d5 Be5 22. h3 Bd6 23. Qc4 Bd7 24. dxc6 Bxc6 25. Ba4 Qa5 26. Bxc6 bxc6 27. Qxc6
Qxa2 28. Ra1 Qe6 29. Rfc1 Qe5 30. Rxa6 Qh2+ 31. Kf1 Kg7 32. Ra2 f5 33. Ra7 Kh6
34. f4 Rb8 35. Ra2 Rb4 36. Qf3 Bxf4 37. Re1 Bg3 38. Rd1 Rb3 39. Rad2 e5 40. Rf2
e4 1/2-1/2

[Event "Elit(Wasa-Sollentuna)"]
[Site "?"]
[Date "2008.01.12"]
[Round "6"]
[White "Cramling, Pia"]
[Black "Genkin, Michael"]
[Result "1-0"]
[WhiteElo "2610"]
[BlackElo "2339"]
[PlyCount "93"]
[EventDate "2008.??.??"]

1. d4 d5 2. Nf3 Nf6 3. c4 e6 4. Nc3 Be7 5. Bg5 h6 6. Bxf6 Bxf6 7. e3 b6 8. Qd2
Bb7 9. cxd5 exd5 10. O-O-O Nd7 11. Kb1 a6 12. Bd3 c5 13. Bc2 Rc8 14. e4 dxe4
15. Nxe4 Bxe4 16. Bxe4 O-O 17. Bf5 c4 18. Ne5 Nxe5 19. Bxc8 Qxc8 20. dxe5 Qf5+
21. Qc2 Qxe5 22. g3 b5 23. Rhe1 Qc5 24. Re4 Rc8 25. Rf4 b4 26. Qf5 Qf8 27. Rc1
c3 28. Rxb4 g6 29. Qh3 Qxb4 30. Qxc8+ Kg7 31. Rxc3 Qe4+ 32. Rc2 Qe1+ 33. Rc1
Qxf2 34. Qc2 Qd4 35. Rd1 Qe5 36. a3 a5 37. Rd2 h5 38. Qb3 Qe1+ 39. Rd1 Qe4+ 40.
Ka2 a4 41. Qd5 Qc2 42. Rd2 Qc1 43. Rf2 Qe3 44. Rc2 Qb6 45. Qc4 Qa5 46. Re2 Qa7
47. Rd2 1-0

[Event "Elit(Wasa-Sollentuna)"]
[Site "?"]
[Date "2008.01.12"]
[Round "6"]
[White "Astrom, Goran"]
[Black "Ong, Kezli"]
[Result "1-0"]
[WhiteElo "2266"]
[BlackElo "2364"]
[PlyCount "118"]
[EventDate "2008.??.??"]

1. e4 e5 2. Nf3 Nc6 3. Bb5 a6 4. Ba4 Nf6 5. O-O Be7 6. Re1 b5 7. Bb3 d6 8. c3
O-O 9. h3 Bb7 10. d4 Re8 11. Ng5 Rf8 12. Nf3 h6 13. Nbd2 Re8 14. Bc2 Bf8 15. b3
Nb8 16. d5 c5 17. a4 bxa4 18. bxa4 a5 19. Bd3 Nbd7 20. Bb5 Qc7 21. Rb1 Reb8 22.
c4 g6 23. Re3 Ra7 24. Reb3 Rba8 25. Qe2 Nb8 26. R1b2 Na6 27. Bxa6 Bxa6 28. Nb1
Rb7 29. Rxb7 Bxb7 30. g4 Bc8 31. Nc3 Bg7 32. Nh2 Rb8 33. Nb5 Qd8 34. Nf1 Kh7
35. Ng3 Ne8 36. Bd2 Qh4 37. Kg2 h5 38. f3 hxg4 39. hxg4 Qd8 40. Rb1 Kg8 41. Rh1
Bd7 42. Qe1 Ra8 43. Qg1 Kf8 44. Qh2 Bxb5 45. cxb5 c4 46. Rc1 Rc8 47. Qg1 Nf6
48. Qe1 Qb6 49. Bxa5 Qa7 50. Bb4 Qxa4 51. Bxd6+ Kg8 52. b6 Ne8 53. b7 Nxd6 54.
bxc8=Q+ Nxc8 55. Qc3 Nd6 56. g5 Qe8 57. Rb1 Bf8 58. Ra1 Qe7 59. Qe3 Nb5 1-0

[Event "Elit(Wasa-Sollentuna)"]
[Site "?"]
[Date "2008.01.12"]
[Round "6"]
[White "Dzevlan, Miralem"]
[Black "Collett, Peter"]
[Result "1-0"]
[WhiteElo "2454"]
[BlackElo "2262"]
[PlyCount "75"]
[EventDate "2008.??.??"]
[SourceDate "2008.01.28"]

1. d4 Nf6 2. c4 e6 3. Nf3 c5 4. d5 d6 5. Nc3 exd5 6. cxd5 g6 7. e4 a6 8. a4 Bg4
9. Be2 Bxf3 10. Bxf3 Bg7 11. O-O O-O 12. Rb1 Re8 13. Be3 h6 14. b4 b6 15. a5
Nfd7 16. Qb3 b5 17. Rfe1 Qc7 18. Rbc1 Ne5 19. Be2 c4 20. Qd1 g5 21. Bf1 Nbd7
22. Ne2 Ng4 23. Ng3 Nxe3 24. Rxe3 Nf6 25. h3 Qd7 26. Be2 Re5 27. Bg4 Qa7 28.
Qe2 Rae8 29. Re1 Nxd5 30. exd5 Rxe3 31. fxe3 Rxe3 32. Qxe3 Bd4 33. Nf5 Bxe3+
34. Rxe3 c3 35. Bd1 Kf8 36. Bc2 Qc7 37. Kf2 Qc4 38. Re8+ 1-0

[Event "Elit(Wasa-Sollentuna)"]
[Site "?"]
[Date "2008.01.12"]
[Round "6"]
[White "Heinola, Vesa"]
[Black "Couso, Luis"]
[Result "0-1"]
[WhiteElo "2250"]
[BlackElo "2350"]
[PlyCount "84"]
[EventDate "2008.??.??"]

1. d4 d5 2. c4 c6 3. Nf3 dxc4 4. e3 Be6 5. Nc3 Nf6 6. a4 Bd5 7. Ne5 e6 8. f3
Bb4 9. Bd2 c5 10. dxc5 Nc6 11. Nxc4 O-O 12. Nd6 Qe7 13. e4 Bxc5 14. Ndb5 Nb4
15. Bg5 Bc6 16. e5 Rfd8 17. Qc1 a6 18. Na3 Qc7 19. Nc4 Nfd5 20. Bxd8 Rxd8 21.
Ne4 Bd4 22. Be2 Ne3 23. Nxe3 Bxe3 24. Qc3 Nd5 25. Qb3 Qxe5 26. Rd1 f5 27. Nf2
Bb6 28. Rd3 Rc8 29. g3 Bd7 30. f4 Ba5+ 31. Kf1 Qd6 32. Kg2 Bc6 33. Bf3 Qc5 34.
Rhd1 Bb6 35. Nh3 h6 36. Re1 Kh7 37. Rxe6 Nb4 38. Rxh6+ Kxh6 39. Qe6+ g6 40. Ng5
Qg1+ 41. Kh3 Nxd3 42. Nf7+ Kg7 0-1

[Event "Elit(Wasa-Sollentuna)"]
[Site "?"]
[Date "2008.01.12"]
[Round "6"]
[White "Agrest, Inna"]
[Black "Berkell, Peder"]
[Result "1/2-1/2"]
[WhiteElo "2398"]
[BlackElo "2217"]
[PlyCount "62"]
[EventDate "2008.??.??"]

1. e4 e5 2. Nf3 Nc6 3. Bb5 Bc5 4. c3 Nf6 5. O-O O-O 6. Re1 d6 7. h3 Bb6 8. d4
Bd7 9. Bg5 Qe7 10. Na3 h6 11. Bh4 Rfe8 12. Nc4 g5 13. Nxg5 Nxe4 14. Nxe4 Qxh4
15. Nxb6 axb6 16. d5 Nb8 17. Qf3 Kg7 18. Bxd7 Nxd7 19. Ng3 Qg5 20. h4 Qg6 21.
h5 Qg5 22. Ne4 Qf4 23. Qh3 f5 24. Re3 Rg8 25. Ng3 Raf8 26. Rf3 Qg4 27. Nxf5+
Kh7 28. Qxg4 Rxg4 29. Ng3 Rxf3 30. gxf3 Rf4 31. Kg2 Nf6 1/2-1/2

[Event "Elit(Wasa-Sollentuna)"]
[Site "?"]
[Date "2008.01.12"]
[Round "6"]
[White "Nordstrom, Felix"]
[Black "Rosberg, Simon"]
[Result "1-0"]
[WhiteElo "2215"]
[BlackElo "2340"]
[PlyCount "67"]
[EventDate "2008.??.??"]

1. d4 Nf6 2. c4 e6 3. Nc3 Bb4 4. Qc2 O-O 5. a3 Bxc3+ 6. Qxc3 b6 7. Bg5 Bb7 8.
e3 d6 9. Nf3 Nbd7 10. Nd2 c5 11. dxc5 bxc5 12. f3 Qb6 13. Bd3 d5 14. Qc2 a5 15.
O-O Rac8 16. cxd5 exd5 17. Bf5 Rc6 18. Rfe1 h6 19. Bf4 Rd8 20. Bg3 Ba6 21. Rab1
c4 22. b4 Re8 23. b5 Bxb5 24. a4 Rxe3 25. Rxe3 Qxe3+ 26. Bf2 Qe7 27. axb5 Rc7
28. b6 Rb7 29. Qa4 c3 30. Qc6 Nxb6 31. Qxc3 Nc4 32. Rxb7 Qxb7 33. Nxc4 dxc4 34.
Qxc4 1-0

[Event "Elit(Upsala-Rockaden)"]
[Site "?"]
[Date "2008.01.12"]
[Round "6"]
[White "Karlsson, Lars"]
[Black "Lundvik, Jonas"]
[Result "1-0"]
[WhiteElo "2538"]
[BlackElo "2350"]
[PlyCount "99"]
[EventDate "2008.??.??"]

1. g3 Nf6 2. Bg2 e5 3. c4 Bc5 4. Nc3 O-O 5. e3 Re8 6. Nge2 Nc6 7. O-O a6 8. a3
Bf8 9. d4 d6 10. h3 Rb8 11. b4 g6 12. d5 Ne7 13. e4 c6 14. Be3 cxd5 15. cxd5
Nd7 16. Qd3 Bg7 17. f4 exf4 18. gxf4 f5 19. Nd4 fxe4 20. Nxe4 Nf6 21. Ng5 Bf5
22. Qb3 Qd7 23. Rae1 h6 24. Nge6 Bh8 25. Bf2 Rbc8 26. b5 axb5 27. Qxb5 Qxb5 28.
Nxb5 Nexd5 29. Nxd6 Rxe6 30. Nxc8 Rxe1 31. Rxe1 Nxf4 32. Ne7+ Kf7 33. Nxf5 gxf5
34. Rb1 Ne4 35. Rxb7+ Kg6 36. Rb6+ Kh7 37. Bxe4 fxe4 38. Kf1 Nxh3 39. Be3 Ng5
40. Bxg5 hxg5 41. Re6 Bc3 42. a4 Kg7 43. Ke2 Kf7 44. Rxe4 Kf6 45. Rc4 Ba5 46.
Rc5 Bb4 47. Rb5 Bc3 48. a5 Ke6 49. a6 Bd4 50. Rb7 1-0

[Event "Elit(Upsala-Rockaden)"]
[Site "?"]
[Date "2008.01.12"]
[Round "6"]
[White "Johansson, Jan"]
[Black "Barkhagen, Jonas"]
[Result "1-0"]
[WhiteElo "2489"]
[BlackElo "2549"]
[PlyCount "53"]
[EventDate "2008.??.??"]

1. d4 Nf6 2. Nf3 e6 3. c4 b6 4. Nc3 Bb7 5. Bg5 h6 6. Bh4 Be7 7. Qc2 d5 8. Bxf6
Bxf6 9. cxd5 exd5 10. Rd1 O-O 11. g3 c5 12. Bg2 cxd4 13. Nb5 d3 14. Rxd3 Na6
15. Rd2 Bc8 16. Qb1 Qd7 17. Nbd4 Nc5 18. O-O Ne4 19. Rdd1 Ba6 20. Rfe1 Rfe8 21.
e3 h5 22. h4 g6 23. Ne2 Qb5 24. Nfd4 Qa5 25. Nf4 Nd2 26. Rxd2 Qxd2 27. Rd1 1-0

[Event "Elit(Upsala-Rockaden)"]
[Site "?"]
[Date "2008.01.12"]
[Round "6"]
[White "Hedman, Erik"]
[Black "Jansson, Borje"]
[Result "0-1"]
[WhiteElo "2435"]
[BlackElo "2297"]
[PlyCount "110"]
[EventDate "2008.??.??"]

1. e4 e5 2. Nf3 Nc6 3. Bb5 a6 4. Bxc6 dxc6 5. Nc3 f6 6. d4 exd4 7. Nxd4 c5 8.
Nde2 Qxd1+ 9. Nxd1 Bd7 10. Bf4 O-O-O 11. Ne3 Bc6 12. f3 Ne7 13. Bg3 Ng6 14. Kf2
c4 15. Nc3 Bc5 16. Ke2 b5 17. Rad1 Ne7 18. Bf2 Rxd1 19. Rxd1 Bd6 20. Bg3 Bc5
21. Ncd5 Nxd5 22. Nxd5 Bxd5 23. Rxd5 Be7 24. f4 Re8 25. Kf3 c6 26. Rd1 a5 27.
Bf2 Kc7 28. g4 a4 29. h4 a3 30. b3 cxb3 31. cxb3 Bb4 32. g5 Re7 33. Bd4 Rd7 34.
gxf6 gxf6 35. Ke2 Be7 36. Bb6+ Kc8 37. Rc1 Kb7 38. Bc5 Bxc5 39. Rxc5 Rg7 40.
Kf3 Rg1 41. b4 Rf1+ 42. Kg4 Rf2 43. Rc3 Rxa2 44. Kf5 Kc7 45. Kxf6 Rf2 46. f5 a2
47. Rc1 Rb2 48. Ra1 c5 49. e5 cxb4 50. e6 b3 51. e7 Re2 52. Kf7 b2 53. Rxa2
Rxe7+ 54. Kxe7 b1=Q 55. Rf2 Qe1+ 0-1

[Event "Elit(Upsala-Rockaden)"]
[Site "?"]
[Date "2008.01.12"]
[Round "6"]
[White "Andersson, Fredrik"]
[Black "Engqvist, Thomas"]
[Result "0-1"]
[WhiteElo "2316"]
[BlackElo "2427"]
[PlyCount "68"]
[EventDate "2008.??.??"]

1. e4 c6 2. d4 d5 3. e5 c5 4. dxc5 Nc6 5. Nf3 Bg4 6. Bb5 Qa5+ 7. Nc3 e6 8. Bd2
Qc7 9. Be3 Nge7 10. O-O Nf5 11. Bxc6+ Qxc6 12. Nd4 Bxd1 13. Nxc6 Nxe3 14. fxe3
bxc6 15. Raxd1 Bxc5 16. Kf2 Bb6 17. Ne2 Bc7 18. Nd4 Bxe5 19. Nxc6 Bxb2 20. Rb1
Bf6 21. Rb7 a6 22. Rfb1 O-O 23. Ke2 Rfc8 24. R1b6 a5 25. Kd3 a4 26. Na7 Rc3+
27. Kd2 h5 28. Nb5 Rc4 29. h3 Rac8 30. Kd1 Rxc2 31. Nd6 Rc1+ 32. Ke2 R8c2+ 33.
Kd3 Rxa2 34. Rxf7 Rd1# 0-1

[Event "Elit(Upsala-Rockaden)"]
[Site "?"]
[Date "2008.01.12"]
[Round "6"]
[White "Livner, Anders"]
[Black "Burwick, Malte"]
[Result "1/2-1/2"]
[WhiteElo "2412"]
[BlackElo "2285"]
[PlyCount "100"]
[EventDate "2008.??.??"]

1. d4 g6 2. c4 Bg7 3. Nf3 d6 4. Nc3 Nf6 5. g3 O-O 6. Bg2 Nbd7 7. O-O e5 8. e4
c6 9. b3 Re8 10. h3 h6 11. Be3 Qe7 12. Re1 a6 13. Qc2 Nh7 14. Rad1 Ng5 15. Nxg5
hxg5 16. Qd2 Bf6 17. d5 c5 18. Rb1 Qd8 19. Bf1 Be7 20. Bd3 Kg7 21. g4 Rh8 22.
Kg2 Rh4 23. Rh1 f6 24. Na4 a5 25. a3 Qf8 26. Bc2 Bd8 27. b4 axb4 28. axb4 b6
29. Nc3 Rh7 30. Ba4 Kh8 31. Bc6 Ra6 32. Qb2 Kg8 33. f3 cxb4 34. Qxb4 Nc5 35.
Bxc5 bxc5 36. Qb2 f5 37. Ra1 Rxa1 38. Qxa1 fxg4 39. hxg4 Rxh1 40. Qxh1 Ba5 41.
Ne2 Ba6 42. Qc1 Qd8 43. Ng1 Kg7 44. Nh3 Kh6 45. Kf2 Qe7 46. Qh1 Kg7 47. Qa1 Qd8
48. Qc1 Kh6 49. Qh1 Kg7 50. Qc1 Kh6 1/2-1/2

[Event "Elit(Upsala-Rockaden)"]
[Site "?"]
[Date "2008.01.12"]
[Round "6"]
[White "Magnusson, Jorgen"]
[Black "Bator, Robert"]
[Result "0-1"]
[WhiteElo "2300"]
[BlackElo "2413"]
[PlyCount "42"]
[EventDate "2008.??.??"]

1. e4 c5 2. Nf3 Nc6 3. c3 d5 4. exd5 Qxd5 5. d4 Nf6 6. dxc5 Qxd1+ 7. Kxd1 Bg4
8. Be3 Nd5 9. Bd2 e6 10. b4 a5 11. Bb5 Be7 12. a3 Bf6 13. Ra2 O-O 14. Bc4 Rfd8
15. Kc1 Bf5 16. Bxd5 Rxd5 17. c4 Rd3 18. b5 Rb3 19. Rc2 Nb4 20. axb4 Rxb1+ 21.
Kxb1 axb4 0-1

[Event "Elit(Upsala-Rockaden)"]
[Site "?"]
[Date "2008.01.12"]
[Round "6"]
[White "Blomqvist, Erik"]
[Black "Marttala, Thomas"]
[Result "1-0"]
[WhiteElo "2379"]
[BlackElo "2272"]
[PlyCount "55"]
[EventDate "2008.??.??"]

1. e4 e5 2. Nf3 Nc6 3. Bb5 a6 4. Ba4 d6 5. c3 Bd7 6. O-O g6 7. d4 Bg7 8. Be3
Nf6 9. Nbd2 Ng4 10. Bg5 f6 11. Bh4 g5 12. Bg3 h5 13. h4 Qe7 14. dxe5 dxe5 15.
Qe2 Bh6 16. Rfd1 Rg8 17. b4 gxh4 18. Nxh4 O-O-O 19. Nb3 Nb8 20. Bxd7+ Rxd7 21.
Nc5 Rxd1+ 22. Rxd1 Rd8 23. Nf5 Rxd1+ 24. Qxd1 Qf7 25. Qd5 Qxd5 26. exd5 Nd7 27.
Nxd7 Kxd7 28. f3 1-0

[Event "Elit(Upsala-Rockaden)"]
[Site "?"]
[Date "2008.01.12"]
[Round "6"]
[White "Lindberg, Henrik"]
[Black "Vilchez, Victor"]
[Result "1/2-1/2"]
[WhiteElo "2288"]
[BlackElo "2363"]
[PlyCount "78"]
[EventDate "2008.??.??"]

1. e4 c5 2. Nf3 e6 3. d4 cxd4 4. Nxd4 a6 5. Bd3 Qc7 6. O-O Nf6 7. c4 d6 8. Nc3
Be7 9. Be3 O-O 10. Rc1 Nbd7 11. f3 b6 12. Qd2 Bb7 13. Rfd1 Rfe8 14. Bf1 Bf8 15.
Kh1 h6 16. Bg1 Rad8 17. b4 Rc8 18. Na4 Qb8 19. Nb3 Ba8 20. Nb2 Red8 21. Rb1 Ne5
22. Rdc1 b5 23. Na5 bxc4 24. Nbxc4 Nxc4 25. Rxc4 Rxc4 26. Nxc4 d5 27. exd5 Bxd5
28. Qb2 Nd7 29. a4 Rc8 30. Ne3 Bb7 31. Nc4 Bc6 32. b5 axb5 33. axb5 Bd5 34. Ne3
Bb7 35. Rd1 Rc7 36. Nc4 Bd5 37. Ne3 Bb7 38. Nc4 Bd5 39. Ne3 Bb7 1/2-1/2

[Event "Elit(Astorp-Skara)"]
[Site "?"]
[Date "2008.01.12"]
[Round "6"]
[White "Kotronias, Vasilios"]
[Black "Tairi, Faruk"]
[Result "1-0"]
[WhiteElo "2718"]
[BlackElo "2461"]
[PlyCount "113"]
[EventDate "2008.??.??"]

1. e4 c5 2. Nf3 d6 3. d4 cxd4 4. Nxd4 Nf6 5. Nc3 g6 6. g3 Nc6 7. Nde2 Bg7 8.
Bg2 O-O 9. h3 Rb8 10. a4 a6 11. O-O b5 12. axb5 axb5 13. Bg5 Nd7 14. Qc1 b4 15.
Nd5 Nc5 16. Bh6 Ba6 17. Bxg7 Kxg7 18. Qe3 e6 19. Ndf4 Qf6 20. b3 Rfd8 21. Rad1
Bb5 22. h4 Ra8 23. Rfe1 Ra2 24. Rc1 Ne5 25. f3 Rc8 26. Nd4 Ba6 27. Red1 Nb7 28.
c3 bxc3 29. Rxc3 Rc5 30. b4 Rxc3 31. Qxc3 Bc4 32. Rc1 h6 33. Kh1 Kh7 34. Nc6
Bb5 35. Nxe5 dxe5 36. Nd3 Bxd3 37. Qxd3 Qe7 38. Qb5 Rb2 39. Qxe5 Qxb4 40. Rc8
Qe1+ 41. Kh2 Rxg2+ 42. Kxg2 Qe2+ 43. Kh3 Nd8 44. Qa1 Qd3 45. Rc3 Qd7 46. Rc2
Nc6 47. Kg2 Nd4 48. Rd2 e5 49. Qa5 Qe7 50. Qd5 g5 51. hxg5 hxg5 52. f4 gxf4 53.
gxf4 Qh4 54. Qxf7+ Kh8 55. Qe8+ Kh7 56. Qd7+ Kg6 57. Rb2 1-0

[Event "Elit(Astorp-Skara)"]
[Site "?"]
[Date "2008.01.12"]
[Round "6"]
[White "Jakobsen, Ole"]
[Black "Friberg, Hans"]
[Result "1-0"]
[WhiteElo "2374"]
[BlackElo "2285"]
[PlyCount "143"]
[EventDate "2008.??.??"]

1. d4 Nf6 2. c4 g6 3. Nc3 Bg7 4. e4 d6 5. f3 O-O 6. Nge2 Nc6 7. Be3 a6 8. Qd2
Rb8 9. Rc1 Bd7 10. Nd1 b5 11. c5 d5 12. e5 Ne8 13. Nf2 f6 14. f4 f5 15. Ng1 Bh8
16. Nf3 Ng7 17. g3 Qc8 18. Be2 Nd8 19. O-O c6 20. a4 Nde6 21. Nd3 Nc7 22. Ra1
Ra8 23. Ra2 Nge6 24. Rfa1 Qb7 25. Qe1 Rfb8 26. Bd2 bxa4 27. Rxa4 Nb5 28. Ba5
Bg7 29. Bb6 Bc8 30. Qd2 Nf8 31. Nb4 Nc7 32. Bxc7 Qxc7 33. Nxa6 Bxa6 34. Rxa6
Qb7 35. b4 Ne6 36. b5 cxb5 37. Rxa8 Rxa8 38. Rxa8+ Qxa8 39. Bxb5 h6 40. Qc3 Nc7
41. Bf1 e6 42. Qb4 Bf8 43. Qb6 Qc8 44. Nd2 Be7 45. Nb3 Kf7 46. Na5 Bd8 47. Nb7
Qa8 48. Qd6 Qxb7 49. Qxd8 Ne8 50. Qb6 Qe7 51. Bb5 Nc7 52. Ba4 Qd8 53. h4 g5 54.
h5 gxf4 55. gxf4 Qg8+ 56. Kf2 Qd8 57. Ke2 Kg8 58. Kd2 Qa8 59. Qxc7 Qxa4 60.
Qd8+ Kf7 61. Qf6+ Ke8 62. Qxe6+ Kd8 63. Qxd5+ Kc8 64. Qe6+ Kb8 65. Qb6+ Ka8 66.
Qb2 Qa5+ 67. Ke2 Qa6+ 68. Kf2 Qc6 69. Qa3+ Kb8 70. Qb3+ Kc8 71. Qg8+ Kb7 72.
Qg2 1-0

[Event "Elit(Astorp-Skara)"]
[Site "?"]
[Date "2008.01.12"]
[Round "6"]
[White "Eklund, Lars-Goran"]
[Black "Ivarsson, Stefan"]
[Result "1/2-1/2"]
[WhiteElo "2355"]
[BlackElo "2311"]
[PlyCount "70"]
[EventDate "2008.??.??"]

1. Nf3 f5 2. c4 Nf6 3. g3 g6 4. b4 Bg7 5. Bb2 O-O 6. Bg2 d6 7. d4 Ne4 8. Qb3 e6
9. O-O Kh8 10. e3 Nd7 11. Ne1 e5 12. f3 Ng5 13. Nd2 f4 14. dxe5 dxe5 15. exf4
exf4 16. Nd3 Ne6 17. Bxg7+ Kxg7 18. Ne4 Nf6 19. Qc3 fxg3 20. hxg3 Qd4+ 21. Qxd4
Nxd4 22. Nxf6 Rxf6 23. Kf2 Be6 24. Rac1 Rd8 25. Rfd1 b6 26. Nf4 Bf7 27. Nd5
Rfd6 28. Rxd4 c6 29. f4 cxd5 30. cxd5 Kf6 31. a3 R8d7 32. Rc3 h6 33. Bf3 g5 34.
fxg5+ hxg5 35. Rc1 Bxd5 1/2-1/2

[Event "Elit(Astorp-Skara)"]
[Site "?"]
[Date "2008.01.12"]
[Round "6"]
[White "Petersson, Gosta"]
[Black "Mohammadi, Amir"]
[Result "0-1"]
[WhiteElo "2242"]
[BlackElo "2301"]
[PlyCount "58"]
[EventDate "2008.??.??"]

1. c4 f5 2. b3 Nf6 3. Bb2 e6 4. g3 d5 5. Nf3 Be7 6. Bg2 O-O 7. O-O c5 8. d3 Nc6
9. a3 b6 10. Nbd2 Bb7 11. Ng5 Qd7 12. Bxf6 Rxf6 13. Nxe6 Rxe6 14. cxd5 Rh6 15.
dxc6 Bxc6 16. Nf3 Bf6 17. Rb1 a5 18. Qc1 Bd5 19. Re1 Re8 20. Nd2 Bxg2 21. Kxg2
f4 22. Nf1 Qh3+ 23. Kh1 Bd4 24. Qc4+ Kf8 25. Qd5 Bxf2 26. Qf3 Bxg3 27. e3 Bxe1
28. Qxh3 Rxh3 29. Kg2 Rhxe3 0-1

[Event "Elit(Astorp-Skara)"]
[Site "?"]
[Date "2008.01.12"]
[Round "6"]
[White "Andersson, Goran"]
[Black "Johansson, Mikael"]
[Result "1-0"]
[WhiteElo "2198"]
[BlackElo "2369"]
[PlyCount "79"]
[EventDate "2008.??.??"]

1. e4 c5 2. Nf3 Nc6 3. d4 cxd4 4. Nxd4 e5 5. Nb5 d6 6. N1c3 a6 7. Na3 Be7 8.
Nc4 Nf6 9. Bg5 O-O 10. Bxf6 Bxf6 11. Qxd6 Qxd6 12. Nxd6 Nb4 13. O-O-O Be6 14.
a3 Nc6 15. Nxb7 Bg5+ 16. Kb1 Be7 17. Nd5 Bxa3 18. bxa3 Rfb8 19. Ka2 Rxb7 20.
Bd3 Nd4 21. Rb1 Rc7 22. c4 Bxd5 23. exd5 f5 24. Rhc1 Rc5 25. Rb6 a5 26. f3 Re8
27. Re1 Kf7 28. Kb2 g5 29. Kc3 Rec8 30. Rxe5 Nb5+ 31. Rxb5 Rxb5 32. Rxf5+ Kg7
33. Rxg5+ Kh6 34. h4 a4 35. Re5 Rb3+ 36. Kd4 Rc7 37. d6 Rd7 38. c5 Kg7 39. Bf5
Rd8 40. d7 1-0

[Event "Elit(Astorp-Skara)"]
[Site "?"]
[Date "2008.01.12"]
[Round "6"]
[White "Tallinger, Thomas"]
[Black "Svensson, Sven"]
[Result "1/2-1/2"]
[WhiteElo "2203"]
[BlackElo "2279"]
[PlyCount "47"]
[EventDate "2008.??.??"]

1. e4 e5 2. Nc3 Nf6 3. f4 d5 4. fxe5 Nxe4 5. Nf3 Nxc3 6. bxc3 Be7 7. d4 O-O 8.
Bd3 f6 9. O-O c5 10. Bf4 Nc6 11. Qe1 c4 12. Be2 Bf5 13. Rb1 b6 14. Qd2 Qd7 15.
h3 Rae8 16. Rbe1 Be4 17. exf6 Bxf6 18. Nh2 Bh4 19. Rc1 Qe6 20. Bh5 Bg6 21. Bg4
Bf5 22. Bh5 Bg6 23. Bg4 Bf5 24. Bh5 1/2-1/2

[Event "Elit(Astorp-Skara)"]
[Site "?"]
[Date "2008.01.12"]
[Round "6"]
[White "Jacobsson, Erik"]
[Black "Helmertz, Per-Inge"]
[Result "0-1"]
[WhiteElo "2128"]
[BlackElo "2290"]
[PlyCount "77"]
[EventDate "2008.??.??"]

1. e4 c5 2. Nf3 d6 3. d4 cxd4 4. Nxd4 Nf6 5. Nc3 a6 6. Be3 b5 7. f3 Bb7 8. Qd2
Nbd7 9. Nb3 e6 10. a3 d5 11. exd5 Nxd5 12. Nxd5 Bxd5 13. Nd4 Bc5 14. Be2 O-O
15. O-O Qc7 16. Kh1 Nb6 17. Rfd1 Rfd8 18. Qe1 e5 19. Nf5 Be6 20. Bxc5 Qxc5 21.
Qh4 Nd5 22. Bd3 g6 23. Ng3 f5 24. Re1 Nf4 25. Qf6 Rd5 26. Rf1 Rf8 27. Qg5 Kg7
28. Ne2 Nxe2 29. Bxe2 Qxc2 30. Rfe1 Rf7 31. Rab1 Qd2 32. Qg3 f4 33. Qf2 Qd4 34.
Qf1 Bf5 35. Rbd1 Qc5 36. Rxd5 Qxd5 37. Rc1 Qd4 38. b4 Qe3 39. Ra1 0-1

[Event "Elit(Astorp-Skara)"]
[Site "?"]
[Date "2008.01.12"]
[Round "6"]
[White "Nilsson, Anders"]
[Black "Nyman, Johan"]
[Result "1/2-1/2"]
[WhiteElo "2222"]
[BlackElo "2035"]
[PlyCount "33"]
[EventDate "2008.??.??"]

1. d4 Nf6 2. c4 e6 3. Nc3 b6 4. Qc2 Bb4 5. e3 Bxc3+ 6. Qxc3 Ne4 7. Qc2 Bb7 8.
Bd3 f5 9. Nf3 O-O 10. O-O Rf6 11. Ne1 Rh6 12. f3 Qh4 13. h3 Ng5 14. Rf2 Qg3 15.
Kf1 Nc6 16. Bd2 Ne7 17. a4 1/2-1/2

[Event "Elit(Kamraterna-Manhem)"]
[Site "?"]
[Date "2008.01.12"]
[Round "6"]
[White "Nithander, Victor"]
[Black "Andreasson, Ingvar"]
[Result "0-1"]
[WhiteElo "2404"]
[BlackElo "2398"]
[PlyCount "72"]
[EventDate "2008.??.??"]

1. e4 e5 2. Nf3 d6 3. d4 Nf6 4. Nc3 Nbd7 5. Bc4 Be7 6. O-O O-O 7. Re1 c6 8. a4
b6 9. b3 a6 10. Bb2 Bb7 11. Bf1 Re8 12. g3 Bf8 13. Bg2 Qc7 14. Qd3 b5 15. Nh4
b4 16. Nb1 a5 17. Nd2 Ba6 18. c4 bxc3 19. Qxc3 Rab8 20. Rac1 exd4 21. Qxc6 Qa7
22. Qc7 Qxc7 23. Rxc7 Nc5 24. Bxd4 Ne6 25. Bxf6 Nxc7 26. Bc3 Ne6 27. Bxa5 Nc5
28. Re3 g6 29. f4 d5 30. Nhf3 Nxe4 31. Nxe4 dxe4 32. Nd2 Bc5 33. Kf2 Bd3 34.
Bc3 Rbc8 35. Bf6 Ba7 36. Bf1 Rc2 0-1

[Event "Elit(Kamraterna-Manhem)"]
[Site "?"]
[Date "2008.01.12"]
[Round "6"]
[White "Svensson, Bengt"]
[Black "Winsnes, Rikard"]
[Result "1/2-1/2"]
[WhiteElo "2515"]
[BlackElo "2493"]
[PlyCount "40"]
[EventDate "2008.??.??"]

1. e4 c5 2. Nf3 Nc6 3. d4 cxd4 4. Nxd4 g6 5. c4 Nf6 6. Nc3 d6 7. Nc2 Bg7 8. Be2
O-O 9. O-O Nd7 10. Bd2 a5 11. Na3 Nc5 12. Nab5 f5 13. exf5 gxf5 14. Qc1 Ne5 15.
f4 Ng4 16. h3 Nf6 17. Bf3 Be6 18. b3 Nfe4 19. Bxe4 fxe4 20. Be3 a4 1/2-1/2

[Event "Elit(Kamraterna-Manhem)"]
[Site "?"]
[Date "2008.01.12"]
[Round "6"]
[White "Akesson, Joel"]
[Black "Aberg, Anton"]
[Result "1/2-1/2"]
[WhiteElo "2351"]
[BlackElo "2393"]
[PlyCount "124"]
[EventDate "2008.??.??"]

1. d4 d5 2. Nf3 Nf6 3. c4 c6 4. e3 a6 5. Bd3 Bg4 6. O-O e6 7. Nbd2 Nbd7 8. b3
Be7 9. Qc2 Bh5 10. Bb2 Rc8 11. Rac1 O-O 12. Ne5 Bg6 13. Nxg6 hxg6 14. e4 dxe4
15. Nxe4 c5 16. Rcd1 Qc7 17. dxc5 Nxc5 18. Nxc5 Bxc5 19. Qe2 Rfd8 20. Bc2 Qf4
21. Be5 Qg5 22. h3 b6 23. Bh2 Bd4 24. Rd3 Bc5 25. Rfd1 Nh5 26. Qd2 Qxd2 27.
R1xd2 Rxd3 28. Rxd3 Nf6 29. Bd6 Rd8 30. Be5 Rxd3 31. Bxd3 Kf8 32. Kf1 g5 33.
Ke2 a5 34. Kf3 Ke7 35. Bb2 Ne8 36. g3 f6 37. Kg2 Nc7 38. f3 Na6 39. a3 e5 40.
h4 gxh4 41. gxh4 Bd4 42. Bc1 Ke6 43. Bc2 f5 44. h5 f4 45. Kh3 Bc3 46. Kg4 Kf6
47. Kh4 Nc5 48. Kg4 Ne6 49. Bd1 Nd4 50. a4 Nf5 51. Bc2 Ng3 52. Ba3 Nf1 53. Kh3
Kg5 54. Bf8 Kh6 55. Bd3 Ng3 56. Bd6 Kxh5 57. Bc7 Bd4 58. c5 Bxc5 59. Bxe5 g5
60. Bb5 g4+ 61. fxg4+ Kg5 62. Bc6 Nf1 1/2-1/2